000 00479nab a2200145Ia 4500
003 ES-SlBCS
005 20210601131220.0
008 140529s1990 xxu||||| |||| 00| 0 fre d
041 _afre
100 1 _aBraunstein, Jean-François
_954174
245 0 0 _aL'école française de philosophie de la médicine
_c Jean-François Braunstein
650 0 4 _aMedicina
_914377
773 0 _tRevue des Sciences Philosophiques et Theologiques
_gvol. 74, 1990, págs. 35-44
_wRev383
942 _cAR
999 _c559512
_d559512